Dinamika udarnych voln /

Gespeichert in:
Bibliographische Detailangaben
1. Verfasser: Žigalko, Jevgenij F (Verfasst von)
Format: Buch
Sprache:Russisch
Veröffentlicht: Leningrad : Izd. Leningradskogo Universiteta, 1987
Schlagworte:
Tags: Tag hinzufügen
Keine Tags, Fügen Sie das erste Tag hinzu!

MARC

LEADER 00000nam a22000003a 4500
001 stu45246
005 20150617225712.7
008 960122s1987----xxr-----------------rus-d
040 |a STU  |b slo 
041 0 |a rus 
044 |a xxr 
080 |a 533.061 
100 1 |a Žigalko, Jevgenij F  |4 aut 
245 1 |a Dinamika udarnych voln /  |c [aut.]Jevgenij F. Žigalko 
260 |a Leningrad :  |b Izd. Leningradskogo Universiteta,  |c 1987 
300 |a 263 s 
650 7 |a aerodynamika  |2 stusub 
650 7 |a Vlny tlakové  |2 stusub 
650 7 |a dynamika  |2 stusub 
996 |b 284M003710  |c M*4038-1  |l MMKN  |s A  |a 24  |w stu45246_0001